00268nam a2200097 a 4500008004100000050001400041100002100055245006800076260001700144350000900161120416s1983 ||||||||||||||||| || u aDT 61 Anc aHall, Rosalind M10aAncient centres of Egyptian civilizationcedited by H. S. Smith aLondonc1983 a0.00